| 000 | 00446nam a2200157 i 4500 | ||
|---|---|---|---|
| 001 | 22052 | ||
| 003 | ES-MaACL | ||
| 005 | 20230906152611.0 | ||
| 007 | t| | ||
| 008 | 021129s1916 it ||||1| ita d | ||
| 100 | 1 |
_aAlfero, Giovan Angelo. _919838 |
|
| 245 | 1 | 0 |
_aNovalis e il suv "Heinrich vonb Ofterdingen" / _cGiovan Angelo Alfero. |
| 260 |
_aTorino : _bVicenzo Bona, _c1916. |
||
| 300 |
_aVIII, 374 p. ; _c20 cm. |
||
| 852 |
_aES-MaACL _jF-4072 |
||
| 999 |
_c22052 _d22052 |
||